| 000 | 01146cam a2200217 4500 | ||
|---|---|---|---|
| 008 | 050207n2004 000 0 eng u | ||
| 020 | _a1851127593 | ||
| 035 | _a(Sirsi) u128715 | ||
| 041 | _aeng | ||
| 110 |
_aUnited Kingdom _bOffice of the Deputy Prime Minister |
||
| 245 |
_aEmployment land reviews _bguidance note |
||
| 260 |
_aLondon _bODPM _c2004 |
||
| 520 | _aThe guide aims to provide planning authorities with effective tools with which to assess the current and future demand for and supply of land for employment and to evaluate the suitability of sites for employment development. It will also help authorities to identify an up to date and balanced portfolio of employment sites in Local Development Frameworks. View at www.odpm.gov.uk. | ||
| 650 | _aPLANNING | ||
| 650 | _aEMPLOYMENT LAND REVIEWS | ||
| 650 | _aREGIONAL SPATIAL STRATEGIES | ||
| 650 | _aLOCAL DEVELOPMENT FRAMEWORKS | ||
| 690 |
_aPlanning and development _96259 |
||
| 856 |
_uhttps://webarchive.nationalarchives.gov.uk/+/http://www.communities.gov.uk/index.asp?id=1144507 _zView this report on the webarchive.nationalarchives.gov.uk website. |
||
| 942 | _n0 | ||
| 999 |
_c103994 _d103994 |
||